000 nam a22 a 4500
999 _c4580
_d4580
005 20170601103832.0
008 170601b2011 my ||||| |||| 00| 0 eng d
020 _a9789677013629
040 _aAKMAL
082 _a343.5950558 MAL
090 _a343.5950558
_bMAL
100 _aMDC Publishers
_d2011
_98821
245 _aAkta Cukai Perkhidmatan, Peraturan-Peraturan Cukai Perkhidmatan, Peraturan-Peraturan Cukai Perkhidmatan (Ketetapan Kastam), Perintah Cukai Perkhidmatan (Kadar Cukai)
_bSemua pindaan hingga April, 2011
_cPenasihat Undang-undang MDC
260 _aKuala Lumpur
_bMDC Publishers Sdn Bhd
_c2011
300 _a89p
_c24cm
650 _aAkta
_98340
650 _aPeraturan-Peraturan
_98822
650 _vKetetapan Kastam
_98823
650 _aKadar Cukai
_98824
942 _2ddc
_cBOOK